| 000 | 00346nam a2200145Ia 4500 | ||
|---|---|---|---|
| 008 | 150201s2010 xx 000 0 und d | ||
| 082 |
_a610.7368 _bP11K |
||
| 100 | _aKAPOOR, BIMLA | ||
| 245 | _aTB. OF PSYCHIATRY NURSING -2 | ||
| 250 | _a2ND | ||
| 260 |
_bKUMAR PUB. _aDELHI _c2010 |
||
| 300 | _a492 | ||
| 650 | _aPSYCHIATRY | ||
| 942 |
_2ddc _cBK _01 |
||
| 999 |
_c2184 _d2184 |
||